Generic or Brand Name? - Click Quiz - Statistics

General Stats
  • This quiz has been taken 46 times
  • The average score is 19 of 26
Answer Stats
Hint Explanation Answer % Correct
Jeep Owned by Stellantis N.V. Brand Name
93%
Spaghetti
Generic Name
90%
Microphone
Generic Name
90%
Band-Aid Owned by Kenvue Inc. Brand Name
90%
Coffee
Generic Name
88%
Software
Generic Name
88%
Tupperware Owned by Dart Industries Inc. Brand Name
88%
Pizza
Generic Name
86%
Coke Owned by The Coca-Cola Company Brand Name
86%
Hula hoop Owned by Wham-O Inc. Brand Name
83%
Internet
Generic Name
81%
Telephone
Generic Name
81%
Velcro Owned by Velcro Companies Brand Name
81%
Frisbee Owned by Wham-O Inc. Brand Name
81%
Post-it note Owned by the 3M Company Brand Name
81%
Crock pot Owned by Sunbeam Products Inc. Brand Name
79%
Elevator Formerly a trademark, but now a generic term
Generic Name
74%
Chapstick Owned by the Sauve Brand Company Brand Name
69%
Popsicle Owned by Unilever PLC Brand Name
67%
Trampoline Formerly a trademark, but now a generic term
Generic Name
64%
Jet ski Owned by Kawasaki Heavy Industries, Ltd. Brand Name
57%
Lava lamp Owned by Schylling Associates, Inc. Brand Name
57%
Bubble wrap Owned by Sealed Air Corp. Brand Name
52%
Ping-pong Owned by Escalade Sports Inc. Brand Name
50%
The ® symbol
Generic Name
43%
Yo-yo Formerly a trademark, but now a generic term
Generic Name
26%
No matching quizzes found
Score Distribution
Percent of People with Each Score
Percentile by Number Answered
Your Score History
You have not taken this quiz